Using information technologies to fight plagiarism

Využívanie elektronických systémov na odhaľovanie plagiátorstva v prácach študentov na VŠ manažmentu v Trenčíne. Systém prispieva k zvyšovaniu vedomia študentov vzhľadom k akademickej etike a autorským právam. Potreba etickej prípravy manažérov.

Salvato in:
Dettagli Bibliografici
Autore principale: Kročitý, Peter
Natura: Capitolo di libro
Lingua:inglese
Soggetti:
Tags: Aggiungi Tag
Nessun Tag, puoi essere il primo ad aggiungerne!!

MARC

LEADER 00000naa$a2200000$$$4500
001 0091837
005 20231010124804.1
041 0 |a eng 
044 |a SK 
245 1 0 |a Using information technologies to fight plagiarism  |c Peter Kročitý 
520 |a Využívanie elektronických systémov na odhaľovanie plagiátorstva v prácach študentov na VŠ manažmentu v Trenčíne. Systém prispieva k zvyšovaniu vedomia študentov vzhľadom k akademickej etike a autorským právam. Potreba etickej prípravy manažérov. 
610 2 0 |a vzdelávanie 
610 2 0 |a etika 
610 2 0 |a právo autorské 
610 2 0 |a plagiátorstvo 
100 1 |a Kročitý, Peter